| 000 | 00442nam a22001577a 4500 | ||
|---|---|---|---|
| 020 | _a9788180380198 | ||
| 082 | _a347.9942 LAN | ||
| 100 | _aLangan, P.St. J. | ||
| 245 |
_aMaxwell on The Interpretation of Statutes / _cP.St. J. Langan |
||
| 250 | _a12th Edition. | ||
| 260 |
_aNew Delhi : _bLexisNexis, _c2011. |
||
| 300 |
_a391 p. ; _c21 cm. |
||
| 942 |
_2ddc _cBK |
||
| 999 |
_c586952 _d586952 |
||